Návrh vsakovacích zariadení zrážkovej vody pre objekt na ubytovanie

Gespeichert in:
Bibliographische Detailangaben
1. Verfasser: Mažáriová, Ivana, 1989- (Verfasst von)
Weitere Verfasser: Jánošková, Taťjana, 1960- (Betreuung Doktorarbeit)
Format: Manuskript Buch
Sprache:Slowakisch
Veröffentlicht: Bratislava : STU v Bratislave SvF, 2014
Schlagworte:
Online-Zugang:VAIS
Tags: Tag hinzufügen
Keine Tags, Fügen Sie das erste Tag hinzu!

MARC

LEADER 00000ntm a22000003a 4500
001 stu297557
005 20150617230311.3
008 140919s2014----xo------------------slo-d
040 |a STU  |b slo 
041 0 |a slo 
044 |a xo 
100 1 |a Mažáriová, Ivana,  |d 1989-  |4 aut  |u V  |T SvF Stavebná fakulta  |X 59022  |U V  |Y 10  |7 A000059022 
242 0 0 |a Design of infiltration systems of rain water for accomodation building  |y eng 
245 1 |a Návrh vsakovacích zariadení zrážkovej vody pre objekt na ubytovanie 
260 |a Bratislava :  |b STU v Bratislave SvF,  |c 2014 
650 7 |a Building Services  |2 estusub 
650 7 |a rain water  |2 estusub 
700 1 |a Jánošková, Taťjana,  |d 1960-  |4 ths  |u V290  |U SvF Stavebná fakulta  |T SvF Katedra technických zariadení budov  |X 2745  |U V290  |Y 31  |7 A000002745 
856 4 |a info a plný text  |u http://is.stuba.sk/zp/portal_zp.pl?podrobnosti=100809  |3 VAIS